Istimewa untuk permata hati (Record no. 126619)

MARC details
000 -LEADER
fixed length control field 00681nam a2200241 i 4500
001 - CONTROL NUMBER
control field C2-0327034
003 - CONTROL NUMBER IDENTIFIER
control field PPAK
005 - DATE AND TIME OF LATEST TRANSACTION
control field 20180728124736.0
008 - FIXED-LENGTH DATA ELEMENTS--GENERAL INFORMATION
fixed length control field 140429s2013 my |||| ||||| | may d
020 ## - INTERNATIONAL STANDARD BOOK NUMBER
International Standard Book Number 9789671189603
040 ## - CATALOGING SOURCE
Original cataloging agency PPAK
Language of cataloging eng
Transcribing agency PPAK
Description conventions rda
082 04 - DEWEY DECIMAL CLASSIFICATION NUMBER
Classification number 297.57
Edition number 23
090 00 - LOCALLY ASSIGNED LC-TYPE CALL NUMBER (OCLC); LOCAL CALL NUMBER (RLIN)
Classification number (OCLC) (R) ; Classification number, CALL (RLIN) (NR) 297.57
Feature heading NIK
Feature heading G
100 0# - MAIN ENTRY--PERSONAL NAME
Personal name Nik Salida Suhaila Nik Salleh,
Relator term author
245 10 - TITLE STATEMENT
Title Istimewa untuk permata hati
264 #1 - PRODUCTION, PUBLICATION, DISTRIBUTION, MANUFACTURE, AND COPYRIGHT NOTICE
Place of production, publication, distribution, manufacture Batang Kali, Selangor :
Name of producer, publisher, distributor, manufacturer Dunia Iman Enterprise ,
Date of production, publication, distribution, manufacture, or copyright notice 2013
300 ## - PHYSICAL DESCRIPTION
Extent 116 pages ;
Dimensions 23 cm.
336 ## - CONTENT TYPE
Source rdacontent
Content type term text
337 ## - MEDIA TYPE
Source rdamedia
Media type term unmediated
338 ## - CARRIER TYPE
Source rdacarrier
Carrier type term volume
650 10 - SUBJECT ADDED ENTRY--TOPICAL TERM
Topical term or geographic name entry element Muslim - Religious life
942 ## - ADDED ENTRY ELEMENTS (KOHA)
-- dc
Koha item type Book
Holdings
Withdrawn Not for loan Current library Shelving location Date acquired Full call number Barcode Date last seen Koha item type Total Checkouts Total Renewals Date last checked out
    Perpustakaan Alor Setar Pinjaman Dewasa 07/05/2014 297.57 NIK A01439649 09/05/2018 Book      
    Perpustakaan Alor Setar Pinjaman Dewasa 07/05/2014 297.57 NIK A01439650 09/05/2018 Book      
    Perpustakaan Awam Sungai Petani Pinjaman Dewasa 07/05/2014 297.57 NIK A01439651 25/05/2019 Book 1 1 14/04/2019
    Perpustakaan Baling Pinjaman Dewasa 07/05/2014 297.57 NIK A01439655 09/05/2018 Book      
    Perpustakaan Baling Pinjaman Dewasa 07/05/2014 297.57 NIK A01439657 09/05/2018 Book      
    Perpustakaan Bandar Baharu Pinjaman Dewasa 07/05/2014 297.57 NIK A01439658 09/05/2018 Book      
    Perpustakaan Jitra Pinjaman Dewasa 07/05/2014 297.57 NIK A01439652 09/05/2018 Book      
    Perpustakaan Kuala Nerang Pinjaman Dewasa 07/05/2014 297.57 NIK A01439659 09/05/2018 Book      
    Perpustakaan Kulim Pinjaman Dewasa 07/05/2014 297.57 NIK A01439654 09/05/2018 Book      
    Perpustakaan Langkawi Pinjaman Dewasa 07/05/2014 297.57 NIK A01439653 09/05/2018 Book      
    Perpustakaan Pendang Pinjaman Dewasa 07/05/2014 297.57 NIK A01439662 09/05/2018 Book      
    Perpustakaan Sik Pinjaman Dewasa 07/05/2014 297.57 NIK A01439656 09/05/2018 Book